Les aventures de Huck Finn, l'ami de Tom Sawyer / (Record no. 166736)

MARC details
000 -LEADER
campo de control de longitud fija 00865nam a22002295i 4500
001 - NÚMERO DE CONTROL
campo de control 166736
003 - IDENTIFICADOR DE NÚMERO DE CONTROL
campo de control ES-MaACL
005 - FECHA Y HORA DE LA ÚLTIMA TRANSACCIÓN
campo de control 20230906213406.0
008 - DATOS DE LONGITUD FIJA--INFORMACIÓN GENERAL
campo de control de longitud fija 050920q1886 fr a | |||||||| ||fre d
100 1# - ENTRADA PRINCIPAL--NOMBRE DE PERSONA
Nombre de persona Twain, Mark.
9 (RLIN) 111791
245 14 - MENCIÓN DEL TÍTULO
Título Les aventures de Huck Finn, l'ami de Tom Sawyer /
Mención de responsabilidad, etc. Mark Twain ; traduit par William-L-Hughes ; illustrations par Achille Sirouy.
260 ## - PUBLICACIÓN, DISTRIBUCIÓN, ETC.
Lugar de publicación, distribución, etc. Paris :
Nombre del editor, distribuidor, etc. A. Hennuyer,
Fecha de publicación, distribución, etc. [ca. 1886]
300 ## - DESCRIPCIÓN FÍSICA
Extensión 276 p. :
Otras características físicas il. ;
Dimensiones 24 cm.
490 1# - MENCIÓN DE SERIE
Mención de serie Bibliothèque nouvelle de la jeunesse
596 ## - NOTA AL PIE DE IMPRENTA
NOTA AL PIE DE IMPRENTA Según la BLPC impreso ca. 1886.
700 1# - ENTRADA AGREGADA--NOMBRE PERSONAL
Nombre de persona Hughes, William Little (
Fechas asociadas al nombre 1822-1887)
9 (RLIN) 172310
700 1# - ENTRADA AGREGADA--NOMBRE PERSONAL
Nombre de persona Sirouy, Achille.
9 (RLIN) 106683
700 1# - ENTRADA AGREGADA--NOMBRE PERSONAL
Nombre de persona Hennuyer, A.
9 (RLIN) 127854
830 1# - PUNTO DE ACCESO ADICIONAL DE SERIE-TÍTULO UNIFORME
Título uniforme Bibliothèque nouvelle de la jeunesse
9 (RLIN) 188627
852 ## - LOCALIZACIÓN
Ubicación ES-MaACL
Número de control de estantería C-2429
Nota libre - Enc. hol., conservando cub. original
Holdings
Estatus retirado Estado de pérdida Estado de daño No para préstamo Colección Biblioteca de origen Biblioteca actual Ubicación en estantería Fecha de adquisición Fuente de adquisición Total de préstamos Signatura topográfica completa Código de barras Visto por última vez Precio de reemplazo Tipo de ítem Koha
        Libros del s. XIX Biblioteca del Ateneo de Madrid Biblioteca del Ateneo de Madrid Sala Palomar 17/01/2008     C-2429 1174870 23/02/2023 23/02/2023 Libro impreso antiguo